Tales About Thailand Coloring Book (Record no. 48955)
| 000 -LEADER | |
|---|---|
| fixed length control field | 00370nam a22001217a 4500 |
| 008 - FIXED-LENGTH DATA ELEMENTS--GENERAL INFORMATION | |
| fixed length control field | 250603b |||||||| |||| 00| 0 eng d |
| 020 ## - INTERNATIONAL STANDARD BOOK NUMBER | |
| International Standard Book Number | 208223 |
| 100 ## - MAIN ENTRY--PERSONAL NAME | |
| Personal name | Pichada Rajavechpisal (Author) |
| 9 (RLIN) | 86341 |
| 245 ## - TITLE STATEMENT | |
| Title | Tales About Thailand Coloring Book |
| 260 ## - PUBLICATION, DISTRIBUTION, ETC. (IMPRINT) | |
| Place of publication, distribution, etc | Thailand |
| Name of publisher, distributor, etc | Transpo International Ltd., 2001 |
| Date of publication, distribution, etc | 2001 |
| 300 ## - PHYSICAL DESCRIPTION | |
| Extent | 16 p |
| Other physical details | col. ill. |
| Dimensions | 21 cm x 29.5 cm |
| 942 ## - ADDED ENTRY ELEMENTS (KOHA) | |
| Source of classification or shelving scheme | |
| Withdrawn status | Lost status | Source of classification or shelving scheme | Damaged status | Not for loan | Collection code | Home library | Current library | Date acquired | Total Checkouts | Full call number | Barcode | Date last seen | Price effective from | Koha item type |
|---|---|---|---|---|---|---|---|---|---|---|---|---|---|---|
| Siem Riep | Asian Hope Siem Reap | Asian Hope Siem Reap | 06/03/2025 | EFIC PIC | 208223 | 06/03/2025 | 06/03/2025 | Book |